000 00831nam a22002657a 4500
999 _c129967
_d129967
003 0
005 20200111181651.0
008 200111b ||||| |||| 00| 0 eng d
010 _aB-215065, B-215077
020 _c295.00
_a9780140298857
035 _aB-215065
035 _aB-215077
037 _bCen Lib/Ret
040 _aDPL
_bEN
_cdpl
082 _aN
_bNAR
100 _aNarayana, R.K.
_9101876
245 _aThe Magic of Malgudi :
_cby R.K. Narayan; edited by S. Krishna
_bswami and freinds the bachelor of arts the vendor of sweets /
260 _aNew Delhi
_bPenguin books
_c2002
270 _bNew Delhi
_a11, Community centre pachsheel park
_e110017
300 _axiii,408p.
_c21cm(pbk)
650 _aLiterature
_96262
650 _aNovel
_922513
700 _aKrishna, S.
_9101877
942 _2ddc
_cEN
_hN
_mNAR